| 000 | 00372cam a2200157ua 4500 | ||
|---|---|---|---|
| 041 |
_aeng _h |
||
| 082 |
_a823.301 _bFAU/TH |
||
| 100 | _aFuulkner, William . | ||
| 245 |
_aThese Thirteen / _cWilliam. _hTextual Documents |
||
| 250 |
_a1 / _b. |
||
| 260 |
_aLendon : _bChatlo & ueindas , _c1958. |
||
| 300 | _a272 ; . | ||
| 504 | _a | ||
| 942 | _cBK | ||
| 999 |
_c2812 _d2812 |
||